Человек-волк (Запись № 9922591)

Подробности
000 -МАРКЕР
контрольное поле 01219nam0a22003131 4500
001 - ИДЕНТИФИКАТОР ЗАПИСИ
контрольное поле RU\NLR\A1SV\52906
005 - ИДЕНТИФИКАТОР ВЕРСИИ
контрольное поле 20260406152540.0
035 ## - ДРУГИЕ СИСТЕМНЫЕ НОМЕРА
Идентификатор записи (NLR Aleph) 009734871
100 ## - ДАННЫЕ ОБЩЕЙ ОБРАБОТКИ
Данные общей обработки 20050518d1923 u y0rusy50 ca
101 1# - ЯЗЫК РЕСУРСА
Язык текста, звукозаписи и т.д. русский
Язык оригинала английский
102 ## - СТРАНА ПУБЛИКАЦИИ ИЛИ ПРОИЗВОДСТВА
Страна публикации Российская Федерация
200 1# - ЗАГЛАВИЕ И СВЕДЕНИЯ ОБ ОТВЕТСТВЕННОСТИ
Основное заглавие Человек-волк
Сведения, относящиеся к заглавию [Рассказы]
Первые сведения об ответственности Р.Киплинг
Последующие сведения об ответственности Пер. с англ. А.[!]Михайловой-Штерн
-- [Худож.] В.Артемьев
210 ## - ПУБЛИКАЦИЯ, РАСПРОСТРАНЕНИЕ И ДР.
Место издания, распространения и т.д. М.
Имя издателя, распространителя и т. д. Нов. Москва
Дата издания, распространения и т.д. 1923
215 ## - ФИЗИЧЕСКАЯ ХАРАКТЕРИСТИКА
Специфическое обозначение материала и объем 274, [2] с., [1] л. ил.
Другие сведения о физической характеристике ил.
Размеры 24 см
300 ## - ОБЩИЕ ПРИМЕЧАНИЯ
Текст примечания Изд. также под загл.: В джунглях, Волчий приемыш, Маугли
300 ## - ОБЩИЕ ПРИМЕЧАНИЯ
Текст примечания На обл. авт.: Редиард Киплинг
300 ## - ОБЩИЕ ПРИМЕЧАНИЯ
Текст примечания Худож. указан на л. ил.
620 ## - МЕСТО И ДАТА ПУБЛИКАЦИИ, ИСПОЛНЕНИЯ И Т. Д.
Город Москва
700 #1 - ИМЯ ЛИЦА - ПЕРВИЧНАЯ ОТВЕТСТВЕННОСТЬ
Материалы, к которым относится поле rus
Графика поля Кириллица
Начальный элемент ввода Киплинг
Часть имени, кроме начального элемента ввода Р.
Даты 1865-1936
Расширение инициалов личного имени Редьярд
Идентификатор авторитетной/нормативной записи RU\NLR\auth\775969
Системный номер авторитетной/нормативной записи 115925
702 #1 - ИМЯ ЛИЦА - ВТОРИЧНАЯ ОТВЕТСТВЕННОСТЬ
Начальный элемент ввода Михайлова-Штерн
Часть имени, кроме начального элемента ввода С.С.
Даты 1880-1952
Расширение инициалов личного имени София Самойловна
Код отношения Переводчик
702 #1 - ИМЯ ЛИЦА - ВТОРИЧНАЯ ОТВЕТСТВЕННОСТЬ
Начальный элемент ввода Артемьев
Часть имени, кроме начального элемента ввода В.
Код отношения Карикатурист, Художник
801 #0 - ИСТОЧНИК ЗАПИСИ
Страна Российская Федерация
Организация NLR
Дата составления 20050518
852 ## - МЕСТОНАХОЖДЕНИЕ И ШИФР ХРАНЕНИЯ
Идентификатор организации NLR
Шифр хранения (Call Number) 2/176
899 ## - ДАННЫЕ О МЕСТОНАХОЖДЕНИИ (устаревшее)
Местонахождение РГБ
942 ## - ДОПОЛНИТЕЛЬНЫЕ ЭЛЕМЕНТЫ ЗАПИСИ (АБИС)
Тип экземпляра АБИС Книга
980 ## - КОЛЛЕКЦИЯ
Название коллекции Национальная библиография
980 ## - КОЛЛЕКЦИЯ
Название коллекции Международный сводный каталог русской книги (1918-1926)

Нет доступных экземпляров.